Largest Towns In East Sussex - Statistics

General Stats
  • This quiz has been taken 233 times
    225 since last reset
  • The average score is 11 of 20
Answer Stats
Population Town City/Town/Village % Correct
273,413 Brighton City
99%
103,069 Eastbourne Town
95%
98,458 Hastings Town
90%
17,254 Lewes Town
79%
43,458 Bexhill-on-Sea Town
72%
91,958 Hove Town
68%
26,985 Seaford Town
68%
12,587 Newhaven Town
63%
14,568 Uckfield Town
63%
9,145 Rye Town
61%
14,065 Peacehaven Town
58%
6,679 Battle Town
54%
20,458 Hailsham Town
54%
20,614 Crowborough Town
43%
8,564 Polegate Town
42%
7,365 Heathfield Town
32%
5,191 Ore Village
14%
7,485 Telscombe Town
10%
6,317 Westham Village
6%
5,798 Sidley Village
1%
No matching quizzes found
Score Distribution
Percent of People with Each Score
Percentile by Number Answered
Your Score History
You have not taken this quiz since the last reset